Diabase sheets of the Taylor Glacier region, Victoria Land, Antarctica /

Bibliographic Details
Main Author: Hamilton, Warren Bell, 1925-
Corporate Author: National Science Foundation (U.S.)
Format: Government Document Book
Language:English
Published: Washington : U.S. Govt. Print. Off, 1965.
Series:Contributions to the geology of Antarctica.
Geological Survey professional paper ; 456-B.
Subjects:

MARC

Tag First Indicator Second Indicator Subfields
LEADER 00000cam a2200000 4500
001 in00002783910
005 20151202171836.0
008 700416s1965 dcuab b 000 0 eng
010 |a  78604998  
035 |a (OCoLC)ocm00065699 
035 |a (OCoLC)65699 
040 |a DLC  |c DLC  |d IAS  |d BTCTA  |d OCLCG  |d OCLCQ  |d UtOrBLW 
043 |a t------ 
049 |a TXAM 
050 0 0 |a QE75  |b .P9 no. 456-B 
082 0 0 |a 550/.8 s 
086 0 |a I 19.16:456-B 
100 1 |a Hamilton, Warren Bell,  |d 1925- 
245 1 0 |a Diabase sheets of the Taylor Glacier region, Victoria Land, Antarctica /  |c by Warren Hamilton. With sections on petrography, by Warren Hamilton, Philip T. Hayes, and Ronald Calvert. And sections on chemistry, by Warren Hamilton [and others]. 
264 1 |a Washington :  |b U.S. Govt. Print. Off,  |c 1965. 
300 |a iv, 71 pages :  |b illustrations, 3 folded maps (in pocket) ;  |c 29 cm. 
336 |a text  |b txt  |2 rdacontent 
337 |a unmediated  |b n  |2 rdamedia 
338 |a volume  |b nc  |2 rdacarrier 
490 1 |a Contributions to the geology of Antarctica 
490 1 |a Geological Survey professional paper 456-B 
500 |a "Work done in cooperation with the National Science Foundation." 
504 |a Bibliography: pages 68-71. 
650 0 |a Diabase  |z Antarctica  |z Taylor Glacier Region. 
710 2 |a National Science Foundation (U.S.) 
830 0 |a Contributions to the geology of Antarctica. 
830 0 |a Geological Survey professional paper ;  |v 456-B. 
948 |a cataloged  |b h  |c 2012/12/13  |d c  |e mvaldespin  |f 12:30:52 pm 
994 |a C0  |b TXA 
999 |a MARS 
999 f f |s 7d70561d-209b-30f3-b83c-c72e1a89c817  |i a490a6b3-6792-3ed0-a256-a4ef79aeaa40  |t 0 
952 f f |p normal  |a Texas A&M University  |b College Station  |c Sterling C. Evans Library  |d Evans: US Documents (Annex 5th floor)  |t 0  |e I 19.16:456-B  |h Superintendent of Documents classification  |i unmediated -- volume  |m A14839363212 
998 f f |a I 19.16:456-B  |t 0  |l Evans: US Documents (Annex 5th floor)